Catálogo

Vista normal Vista MARC

Entrada Personal Name

Número de registros utilizados en: 1

001 - CONTROL NUMBER

  • control field: 15807

003 - CONTROL NUMBER IDENTIFIER

  • control field: Mx-PuUPA

005 - DATE AND TIME OF LATEST TRANSACTION

  • control field: 20240613093246.0

008 - FIXED-LENGTH DATA ELEMENTS

  • fixed length control field: 240613|| aca||aabn | a|a d

040 ## - CATALOGING SOURCE

  • Original cataloging agency: Mx-PuUPA
  • Language of cataloging: spa
  • Transcribing agency: Mx-PuUPA
  • Modifying agency: Mx-PuUPA
  • Description conventions: rda

100 1# - HEADING--PERSONAL NAME

  • Personal name: Ares Ares, María Isabel,

374 ## - OCCUPATION

  • Occupation: Directora

375 ## - GENDER

  • Gender: mujer

377 ## - ASSOCIATED LANGUAGE

  • Language code: spa

400 1# - SEE FROM TRACING--PERSONAL NAME

  • Personal name: Ares, María Isabel Ares

670 ## - SOURCE DATA FOUND

  • Source citation: Técnicas y procedimientos para enfermería en urgencias pediátricas, 2019:
  • Information found: t.p. (María Isabel Ares Ares) de portada